DONDE EL MUNDO SE LLAMA CELANOVA : (Registro nro. 33696)
[ vista simple ]
| 000 -LEADER | |
|---|---|
| fixed length control field | 00556nam a2200193 a 4500 |
| 001 - CONTROL NUMBER | |
| control field | 33696 |
| 005 - DATE AND TIME OF LATEST TRANSACTION | |
| control field | 20180714001655.0 |
| 008 - FIXED-LENGTH DATA ELEMENTS--GENERAL INFORMATION | |
| fixed length control field | 140415s1979 sp 000 0 spa d |
| 020 ## - INTERNATIONAL STANDARD BOOK NUMBER | |
| International Standard Book Number | 8427612273 |
| 041 ## - LANGUAGE CODE | |
| Language code of text/sound track or separate title | spa |
| 082 ## - DEWEY DECIMAL CLASSIFICATION NUMBER | |
| Classification number | 861 |
| Item number | FER |
| 100 1# - MAIN ENTRY--PERSONAL NAME | |
| Personal name | FERREIRO, CELSO EMILIO |
| 245 10 - TITLE STATEMENT | |
| Title | DONDE EL MUNDO SE LLAMA CELANOVA : |
| Remainder of title | ONDE O SU MUNDO CHAMASE CELANOVA |
| 250 ## - EDITION STATEMENT | |
| Edition statement | 1a ed. |
| 260 ## - PUBLICATION, DISTRIBUTION, ETC. | |
| Place of publication, distribution, etc. | ESPAÑA : |
| Name of publisher, distributor, etc. | EDITORA NACIONAL, |
| Date of publication, distribution, etc. | 1979 |
| 300 ## - PHYSICAL DESCRIPTION | |
| Extent | 181 |
| 490 ## - SERIES STATEMENT | |
| Series statement | ALFAR, COLECCION DE POESIA |
| Volume/sequential designation | 4 |
| 650 14 - SUBJECT ADDED ENTRY--TOPICAL TERM | |
| Topical term or geographic name entry element | LITERATURA |
| General subdivision | ESPAOLA |
| -- | POESIA |
| Withdrawn status | Lost status | Source of classification or shelving scheme | Damaged status | Not for loan | Collection code | Home library | Current library | Shelving location | Date acquired | Source of acquisition | Inventory number | Total Checkouts | Total Renewals | Full call number | Barcode | Date last seen | Date last checked out | Price effective from | Koha item type |
|---|---|---|---|---|---|---|---|---|---|---|---|---|---|---|---|---|---|---|---|
| Dewey Decimal Classification | General | Biblioteca Karol Wojtyla | Biblioteca Karol Wojtyla | Sala general | 03/12/2013 | Compra | 151000000000000000033561 | 2 | 1 | 861 FER | 51235 | 20/03/2026 | 12/05/2025 | 03/12/2013 | Libro |